000
00249nam a22001097a 4500
008
131217t xxu||||| |||| 00| 0 eng d
020
_a
0-00-710188-0
100
_a
Sydney Sheldon
_9
461
245
_a
The Sky is Falling
300
_a
340
942
_2
ddc
_c
BK
999
_c
16732
_d
16732